Microsoft excel : manual del usuario

Guardado en:
Formato: Libro
Publicado: Estados Unidos de América : Microsoft Corporation, 1994
Materias:
Etiquetas: Agregar Etiqueta
Sin Etiquetas, Sea el primero en etiquetar este registro!
LEADER 00876nam a22001815a 4500
001 CEM.cems012832
005 20080421103916.0
008 130507s1994##################000#0#####d
003 CEMS
082 0 4 |a 001.6425 
245 0 0 |a Microsoft excel :  |b manual del usuario 
260 |a Estados Unidos de América :  |b Microsoft Corporation,  |c 1994 
300 |a 847 p. 
500 |a Versión 5.0 
505 0 |a Conceptos básicos -- Requisitos básicos -- Creación de gráficos a partir de datos de hojas de cálculo -- Recuperación y análisis de datos a partir de listas y tablas -- Solución de problemas mediante el análisis de datos -- Personalización de Microsoft Excel -- Revisar y compartir libros de trabajo -- Intercambio de datos con otras aplicaciones 
653 |a Informática 
653 |a Excel-versión 5.0 
859 |a CEMS  |b BIB. CEMS - 11 de abril  |h 001.6425  |i M581-2  |p 25071.08  |t Ej.1